| 000 | 00970cam a2200121 4500500 | ||
|---|---|---|---|
| 005 | 20251012042500.0 | ||
| 041 | _afre | ||
| 042 | _adc | ||
| 245 | 0 | 0 | _aDestins des traces : Revue de Psychanalyse |
| 260 |
_bL'Harmattan,
_c2005. |
||
| 520 | _aTraces et inscriptions sont aux fondements de la psychanalyse. Que deviennent les traces mnésiques ? Freud avance que leur traduction produisait, en une même opération, leur effacement et leur inscription. C’est cette opération que Lacan a ensuite identifiée comme celle du signifiant. N’existerait-il pas cependant, en dehors de leur refoulement par absence de traduction, d’autres destins pour les traces ? Fragiles, éphémères, les traces sont toujours le legs d’une assignation à peine pressentie. De l’effacement des traces, le sujet y trouve sa chance d’exister. | ||
| 856 | 4 | 1 | _uhttps://shs.cairn.info/destins-des-traces--9782747586900?lang=fr&redirect-ssocas=7080 |
| 999 |
_c1548807 _d1548807 |
||